000 00834nam a2200253Ia 4500
003 OSt
005 20220923212527.0
006 a|||||r|||| 00| 0
007 ta
008 220922b |||||||| |||| 00| 0 hin d
024 _a153,787
037 _cTextual
040 _aARTS
_cARTS
_bhin
041 _2hin
_ahin
082 _aO15:gx2,1, K2
100 _aशर्मा, देवेन्द्रनाथ
245 0 _aकाव्यालंकार
246 _aKāvyālankāra
260 _aपटना
_b विहार राष्ट्रभाषा परिषद्
_c1962
300 _a194 पृ.
_ccm.
650 _aसंस्कृत साहित्य
942 _hO15:gx2,1, K2
_cTEXL
_2CC
999 _c309426
_d309426